00908nam a22002657a 45000010005000000030006000050050017000110080041000280200015000690400029000840500014001130820012001271000020001392450086001592500044002452600052002893000049003415050008003905200116003985210029005145210020005436500024005636500025005877000030006128057FISKH20250820085059.0250820b cb ||||| |||| 00| 0 eng d a0865500061 aFISKHbengcFISKHdFISKH aTL670.L46 a629.133 aLenga, Rosalind aThe amazinf fact book of planes / cby Rosalind Lenga : Illustrated by Roy Coombs aFirst published in USA by A&P Book 1980 aMankato : bA & P/ Creative Education , c1979. a32 pages : bcolor illustrations ;c24 cm .  aM  aPictures and text describe twenty-four planes from 1870 to the present, including the world's largest aircraft.8 a550 bLexile estimate 8 aM bRaz-Plus  aFlightvNon-fiction aPlanes vNon-fiction aCoombs, RoyeIllustrator